000 00844nam a2200253Ia 4500
003 OSt
005 20220923220942.0
006 a|||||r|||| 00| 0
007 ta
008 220922b |||||||| |||| 00| 0 hin d
024 _a192,617
037 _cTextual
040 _aARTS
_cARTS
_bhin
041 _2hin
_ahin
082 _aU8.58.N72, 152L6
100 _aसक्सेना, सर्वेश्वर दयाल
_9157127
245 0 _aकुछ रंग कुछ गंध
246 _aKuchh ranga kuchh gandha
260 _aदिल्ली
_b लिपि प्रकाशन
_c1976
300 _a107पृ.
_ccm.
650 _aभारतीय-भूगोल
942 _hU8.58.N72, 152L6
_cTEXL
_2CC
999 _c345206
_d345206